[Event "XXVIII C.to Italiano a squadre"]
[Site "ITA"]
[Date "1996.??.??"]
[Round "?"]
[White "Albano, Marco"]
[Black "Everet, Alexandro"]
[WhiteElo "2230"]
[BlackElo "2130"]
[Result "1/2-1/2"]
[PlyCount "117"]
[EventDate "1996.02.25"]

1. e4 c5 2. Nf3 Nc6 3. d4 cxd4 4. Nxd4 e6 5. Nb5 a6 6. Nd6+ Bxd6 7. Qxd6 Qe7 8.
Qxe7+ Ngxe7 9. Bd2 d5 10. Nc3 O-O 11. exd5 exd5 12. O-O-O Be6 13. Na4 b5 14.
Nc5 Rfc8 15. Nxe6 fxe6 16. g3 Rc7 17. Bh3 e5 18. Kb1 Rf8 19. f4 e4 20. Be6+ Kh8
21. Be3 Nb4 22. Rd2 Rf6 23. Bh3 Rfc6 24. Rc1 Nd3 25. Rf1 Nc5 26. f5 Nd7 27. g4
Ne5 28. Bf4 Nc4 29. Re2 Rb7 30. g5 Kg8 31. b3 Na3+ 32. Kb2 b4 33. Be5 Nb5 34.
Ref2 Nc3 35. Bd4 Nb5 36. Be5 Nc3 37. f6 gxf6 38. gxf6 Ng6 39. f7+ Kf8 40. Bd4
Nb5 41. Be3 Ne5 42. Rf5 Nxf7 43. Rxd5 Rbc7 44. c4 bxc3+ 45. Kc2 Rd6 46. Rxd6
Nbxd6 47. Bg2 Ke8 48. Rf4 Nd8 49. Bb6 Re7 50. Bxd8 Kxd8 51. Kxc3 Nb5+ 52. Kd2
e3+ 53. Ke1 Rc7 54. Bf1 Nc3 55. Rd4+ Ke7 56. Rd3 Nxa2 57. Rxe3+ Kd6 58. Bxa6
Nb4 59. Bd3 1/2-1/2

[Event "XXVIII C.to Italiano a squadre"]
[Site "ITA"]
[Date "1996.??.??"]
[Round "?"]
[White "Albano, Marco"]
[Black "Fico, Massimiliano"]
[WhiteElo "2230"]
[BlackElo "2315"]
[Result "1-0"]
[PlyCount "65"]
[EventDate "1996.02.25"]

1. e4 e5 2. Nf3 Nc6 3. Bb5 Bc5 4. O-O Qf6 5. c3 Nge7 6. Na3 O-O 7. Nc2 d5 8.
exd5 Nxd5 9. Bxc6 bxc6 10. Nxe5 Qxe5 11. d4 Bxd4 12. Qxd4 Qe2 13. Qd1 Qe4 14.
Nd4 Qg6 15. Qf3 Bg4 16. Qg3 c5 17. Nf3 Qh5 18. c4 Nf6 19. h3 Be6 20. b3 Ne4 21.
Qf4 f5 22. Bb2 Rf7 23. Rad1 a5 24. Rd3 a4 25. Rfd1 axb3 26. axb3 h6 27. Ne5
Rff8 28. Nc6 Ra2 29. Qe5 Rf6 30. Nd8 Qe2 31. R3d2 Rxb2 32. Rxe2 Rxe2 33. Nxe6
1-0

[Event "XXVIII C.to Italiano a squadre"]
[Site "ITA"]
[Date "1996.??.??"]
[Round "?"]
[White "Albano, Marco"]
[Black "Gaggiottini, Manfredo"]
[WhiteElo "2230"]
[BlackElo "2105"]
[Result "0-1"]
[PlyCount "68"]
[EventDate "1996.02.25"]

1. e4 Nc6 2. Nf3 d6 3. d4 Nf6 4. Nc3 g6 5. Bg5 Bg7 6. Qd2 h6 7. Bh4 a6 8. h3
Bd7 9. Be2 O-O 10. e5 Nh7 11. exd6 cxd6 12. O-O Ng5 13. Bxg5 hxg5 14. d5 g4 15.
hxg4 Ne5 16. Nxe5 Bxe5 17. g3 Qb6 18. Rab1 Bxg3 19. Kg2 Bh4 20. Ne4 Kg7 21. Rh1
Rh8 22. c4 e5 23. dxe6 Bc6 24. Bf3 Bxe4 25. Bxe4 fxe6 26. f3 Raf8 27. Rbd1 e5
28. b4 Rd8 29. Rdf1 Qc7 30. Qd5 b6 31. f4 Qd7 32. f5 Qa4 33. Rxh4 Rxh4 34. Qe6
Qxa2+ 0-1

[Event "XXVIII C.to Italiano a squadre"]
[Site "ITA"]
[Date "1996.??.??"]
[Round "?"]
[White "Anasetti, Alberto"]
[Black "Wyss, Walter"]
[WhiteElo "1594"]
[BlackElo "2215"]
[Result "1/2-1/2"]
[PlyCount "67"]
[EventDate "1996.02.25"]

1. e4 c5 2. Nc3 Nc6 3. g3 g6 4. Bg2 Bg7 5. Nge2 e6 6. O-O Nge7 7. d3 O-O 8. f4
d6 9. h3 f5 10. Kh1 Nd4 11. exf5 gxf5 12. Be3 Rb8 13. Bg1 Nec6 14. Nxd4 Nxd4
15. Rb1 b5 16. Ne2 Bb7 17. Nxd4 Bxd4 18. Bxb7 Rxb7 19. Qf3 Rg7 20. c3 Bxg1 21.
Rxg1 Kh8 22. Rbe1 Qf6 23. Qe3 Rg6 24. Rg2 Rh6 25. Kh2 Rxh3+ 26. Kg1 Rh6 27. d4
cxd4 28. cxd4 Rg8 29. d5 exd5 30. Qxa7 Rhg6 31. Re7 R6g7 32. Rxg7 Qxg7 33.
Qxg7+ Rxg7 34. Kf2 1/2-1/2

[Event "XXVIII C.to Italiano a squadre"]
[Site "ITA"]
[Date "1996.??.??"]
[Round "?"]
[White "Balzan, Roberto"]
[Black "Sacchini, Marco"]
[WhiteElo "2175"]
[BlackElo "2047"]
[Result "1-0"]
[PlyCount "67"]
[EventDate "1996.02.25"]

1. d4 Nf6 2. c4 e6 3. Nc3 d5 4. cxd5 exd5 5. Bg5 Be7 6. e3 h6 7. Bf4 O-O 8. Bd3
b6 9. h3 Bb7 10. Nf3 Nbd7 11. Rc1 c5 12. O-O a6 13. dxc5 bxc5 14. Qc2 Re8 15.
Rfd1 Qb6 16. Bf5 Bd6 17. Bxd7 Nxd7 18. Nxd5 Bxd5 19. Rxd5 Bxf4 20. Rxd7 Qe6 21.
Qd3 Bb8 22. Qd5 Ba7 23. Qxe6 Rxe6 24. b3 Bb6 25. Nd2 Rc8 26. Nc4 Bc7 27. Nb2
Kf8 28. Na4 Rd6 29. Nxc5 Rxd7 30. Nxd7+ Ke8 31. Nc5 Be5 32. Nd3 Bc7 33. Kf1 Ke7
34. Nb4 1-0

[Event "XXVIII C.to Italiano a squadre"]
[Site "ITA"]
[Date "1996.??.??"]
[Round "?"]
[White "Barbafiera, Luigi"]
[Black "Colabrese, Cary"]
[WhiteElo "1900"]
[BlackElo "1654"]
[Result "1-0"]
[PlyCount "53"]
[EventDate "1996.02.25"]

1. c4 e5 2. Nc3 g6 3. g3 Bg7 4. Bg2 Ne7 5. e3 Nbc6 6. Nge2 d6 7. O-O O-O 8. d4
f5 9. d5 Nb8 10. Rb1 Nd7 11. b4 a6 12. Qb3 Kh8 13. a4 a5 14. Ba3 b6 15. c5 bxc5
16. bxc5 Rb8 17. Qc4 dxc5 18. Rxb8 Nxb8 19. Qxc5 Rf7 20. Rb1 Nd7 21. Qxa5 Nb6
22. d6 Nc4 23. dxe7 Rxe7 24. Bxe7 Qxe7 25. Qa8 Qd7 26. Bb7 Nb6 27. Rxb6 1-0

[Event "XXVIII C.to Italiano a squadre"]
[Site "ITA"]
[Date "1996.??.??"]
[Round "?"]
[White "Barletta, Mauro"]
[Black "Di Paolo, Marco"]
[WhiteElo "2245"]
[BlackElo "1833"]
[Result "1-0"]
[PlyCount "33"]
[EventDate "1996.02.25"]

1. d4 Nf6 2. Bg5 d6 3. Nc3 Nbd7 4. e4 c6 5. f4 Qa5 6. Qd2 b5 7. Bd3 b4 8. Nce2
e5 9. Nf3 exd4 10. O-O Qb6 11. Rae1 c5 12. e5 Ng4 13. Nexd4 dxe5 14. Bb5 cxd4
15. Nxe5 Ne3 16. Rxe3 f6 17. Nf7+ 1-0

[Event "XXVIII C.to Italiano a squadre"]
[Site "ITA"]
[Date "1996.??.??"]
[Round "?"]
[White "Barlocco, Carlo"]
[Black "Nurkic, Sahbaz"]
[WhiteElo "2170"]
[BlackElo "2365"]
[Result "0-1"]
[PlyCount "112"]
[EventDate "1996.02.25"]

1. d4 Nf6 2. Nf3 g6 3. c4 Bg7 4. Nc3 O-O 5. Bg5 c5 6. e3 d6 7. Be2 b6 8. O-O
Bb7 9. Qb3 Nbd7 10. Rfd1 h6 11. Bh4 cxd4 12. Nxd4 a6 13. Bf3 Bxf3 14. Nxf3 Rc8
15. Rac1 Qc7 16. Bxf6 Nxf6 17. h3 Kh7 18. Ne2 Qb7 19. Qd3 Rc7 20. b3 Rfc8 21.
Rb1 Rc5 22. Nd2 d5 23. Rbc1 dxc4 24. Rxc4 Rd5 25. Qc2 Rcd8 26. Nc3 R5d7 27. Nf3
b5 28. Rcd4 Rxd4 29. Rxd4 Rc8 30. Qd2 e5 31. Rd8 b4 32. Rxc8 Qxc8 33. Na4 Ne4
34. Qb2 Qc7 35. Nd2 Nc3 36. Nf3 e4 37. Nd4 Bxd4 38. exd4 Nxa4 39. bxa4 Qc3 40.
Qe2 Qxd4 41. a5 Qa1+ 42. Kh2 Qe5+ 43. Kg1 Qxa5 44. Qxe4 Qxa2 45. Qxb4 a5 46.
Qf8 a4 47. g4 a3 48. h4 Qb3 49. h5 gxh5 50. Qe7 Qf3 51. Qc7 Qxg4+ 52. Kh2 Qf5
53. Qa7 Qe5+ 54. Kg1 Qa1+ 55. Kg2 a2 56. Kh2 Qe5+ 0-1

[Event "XXVIII C.to Italiano a squadre"]
[Site "ITA"]
[Date "1996.??.??"]
[Round "?"]
[White "Beggi, Pierluigi"]
[Black "Leoncini, Mario"]
[WhiteElo "2220"]
[BlackElo "2195"]
[Result "1/2-1/2"]
[PlyCount "109"]
[EventDate "1996.02.25"]

1. Nf3 d5 2. b3 Nf6 3. Bb2 e6 4. e3 Be7 5. Be2 O-O 6. O-O c5 7. Ne5 Nfd7 8. f4
Nxe5 9. fxe5 Nc6 10. d4 f6 11. Nd2 fxe5 12. Rxf8+ Bxf8 13. dxe5 Qg5 14. e4 Nxe5
15. exd5 exd5 16. Nf3 Qe3+ 17. Kf1 Ng4 18. Qe1 Bf5 19. h3 Nf6 20. Bxf6 gxf6 21.
Qg3+ Kh8 22. Rd1 Be4 23. Qh4 Qh6 24. Qg3 Qg6 25. Qxg6 hxg6 26. Bd3 Bxd3+ 27.
Rxd3 Rd8 28. c4 d4 29. Ne1 Re8 30. Rg3 Kg7 31. Nd3 Bd6 32. Rf3 a6 33. Rf2 Re3
34. Rf3 Re7 35. Rf2 b6 36. Re2 Rd7 37. Kf2 Kf7 38. Kf3 Rb7 39. Re1 b5 40. Rc1
Re7 41. Re1 Rb7 42. Rc1 b4 43. Re1 a5 44. Ke4 Ke6 45. Kf3+ Kd7 46. h4 Ra7 47.
g4 Ra8 48. Rh1 Re8 49. Re1 Rh8 50. Rh1 f5 51. gxf5 gxf5 52. Rh3 Ke6 53. Rh1 Kf6
54. Kg2 Ra8 55. h5 1/2-1/2

[Event "XXVIII C.to Italiano a squadre"]
[Site "ITA"]
[Date "1996.??.??"]
[Round "?"]
[White "Bellomo, Francesco"]
[Black "Bottini, Paolo"]
[WhiteElo "2340"]
[BlackElo "1956"]
[Result "1-0"]
[PlyCount "57"]
[EventDate "1996.02.25"]

1. e4 c5 2. Nf3 e6 3. d3 g6 4. g3 Bg7 5. Bg2 Ne7 6. O-O O-O 7. c3 Nbc6 8. d4
cxd4 9. cxd4 Qb6 10. d5 exd5 11. exd5 Nb4 12. Nc3 d6 13. Be3 Qa5 14. Bd4 Nbxd5
15. Bxg7 Kxg7 16. Qd4+ Kg8 17. Nxd5 Qxd5 18. Qxd5 Nxd5 19. Rfd1 Be6 20. Ng5 Nf6
21. Nxe6 fxe6 22. Rxd6 Kf7 23. Re1 Rfe8 24. Bxb7 Rab8 25. Bc6 Re7 26. Rd2 Rc8
27. Ba4 e5 28. Rde2 e4 29. f3 1-0

[Event "XXVIII C.to Italiano a squadre"]
[Site "ITA"]
[Date "1996.??.??"]
[Round "?"]
[White "Bertolini, Ettore"]
[Black "Mignone, Marco"]
[WhiteElo "1668"]
[BlackElo "1800"]
[Result "0-1"]
[PlyCount "76"]
[EventDate "1996.02.25"]

1. e4 c5 2. Nf3 b6 3. d4 cxd4 4. Nxd4 Bb7 5. Bd3 g6 6. Nc3 Bg7 7. Be3 Nc6 8.
Nde2 Nf6 9. h3 Ne5 10. O-O Rc8 11. Ng3 O-O 12. Qe2 Nxd3 13. cxd3 d5 14. e5 d4
15. exf6 exf6 16. Bd2 Re8 17. Nce4 f5 18. f3 fxe4 19. fxe4 Rc2 20. Qf2 Qe7 21.
b3 Bh6 22. Bb4 Rxf2 23. Bxe7 Rxf1+ 24. Rxf1 Rxe7 25. Ne2 Rc7 26. g4 Rc2 27. Kf2
Rd2 28. h4 Be3+ 29. Ke1 Rxd3 30. Nf4 Bxf4 31. Rxf4 Re3+ 32. Kd2 Rxe4 33. Rf6
Rxg4 34. Rd6 Rxh4 35. Rd7 Ba6 36. a4 Kg7 37. Rxa7 Rh2+ 38. Kd1 Bc8 0-1

[Event "XXVIII C.to Italiano a squadre"]
[Site "ITA"]
[Date "1996.??.??"]
[Round "?"]
[White "Bini, Alessandro"]
[Black "Sanchirico, Alessio"]
[WhiteElo "1660"]
[BlackElo "2040"]
[Result "1-0"]
[PlyCount "56"]
[EventDate "1996.02.25"]

1. d4 d5 2. Nf3 Nf6 3. Bf4 Bf5 4. e3 e6 5. Ne5 Bd6 6. c4 c6 7. Nc3 Qe7 8. Be2
Ne4 9. Nxe4 Bxe4 10. f3 Bb4+ 11. Kf2 Bg6 12. c5 Ba5 13. Qa4 Bc7 14. b4 f6 15.
Nxg6 hxg6 16. b5 Bxf4 17. exf4 O-O 18. Bd3 f5 19. Rae1 g5 20. fxg5 Qxg5 21. Re2
Re8 22. g3 f4 23. g4 Qh4+ 24. Kg2 Kf7 25. Qc2 Rh8 26. Bg6+ Kf6 27. Bh5 Rh6 28.
Rhe1 Ke7 1-0

[Event "XXVIII C.to Italiano a squadre"]
[Site "ITA"]
[Date "1996.??.??"]
[Round "?"]
[White "Blasco, Domenico"]
[Black "De Gregorio, Massimiliano"]
[WhiteElo "2210"]
[BlackElo "2140"]
[Result "0-1"]
[PlyCount "152"]
[EventDate "1996.02.25"]

1. d4 e6 2. e3 Nf6 3. Bd3 c5 4. Nd2 b6 5. Ngf3 Ba6 6. Bxa6 Nxa6 7. c3 Qc8 8.
O-O Be7 9. Qe2 O-O 10. Re1 d5 11. Ne5 Nb8 12. Nf1 Nc6 13. Nxc6 Qxc6 14. Ng3
Rfc8 15. Bd2 Bd6 16. Rec1 Bxg3 17. hxg3 Ne4 18. Be1 Qd6 19. Qg4 f5 20. Qf4 Qxf4
21. gxf4 Nd6 22. Kf1 Rc6 23. Ke2 Rac8 24. Kd3 a5 25. f3 a4 26. Rab1 Kf7 27. Bd2
Ra8 28. Rh1 h6 29. a3 c4+ 30. Kc2 Rcc8 31. Rbg1 Rh8 32. g4 Rag8 33. Rh5 g6 34.
Rhh1 fxg4 35. fxg4 h5 36. g5 Ne4 37. Be1 Ra8 38. Rh4 Ra5 39. Kd1 Rb5 40. Kc2
Rb3 41. Rg2 Rc8 42. Rgh2 Ra8 43. Kc1 b5 44. Rg2 b4 45. cxb4 Rxe3 46. Kd1 Rd3+
47. Kc2 Rxd4 48. Bc3 Rd3 49. Be5 Rb3 50. Rh1 Rc8 51. Bc3 Nxc3 52. bxc3 Rxa3 53.
Rb1 Rb3 54. Ra1 a3 55. Ra2 Rh8 56. Rg1 Ke7 57. Rb1 Rxb1 58. Kxb1 Ra8 59. Kc2 e5
60. fxe5 Ke6 61. Kd2 Kxe5 62. Ke3 Ra7 63. b5 Ra5 64. b6 Kd6 65. Kd4 Kc6 66. Ke5
Kxb6 67. Kf6 Kc5 68. Kxg6 d4 69. cxd4+ Kb4 70. Kf6 Kb3 71. Rh2 a2 72. Rh3+ c3
73. Rh1 a1=Q 74. Rxa1 Rxa1 75. g6 Kc4 76. g7 Ra8 0-1

[Event "XXVIII C.to Italiano a squadre"]
[Site "ITA"]
[Date "1996.??.??"]
[Round "?"]
[White "Blasco, Domenico"]
[Black "Isonzo, David"]
[WhiteElo "2210"]
[BlackElo "2175"]
[Result "0-1"]
[PlyCount "46"]
[EventDate "1996.02.25"]

1. d4 d5 2. e3 Nf6 3. Bd3 c5 4. c3 Nc6 5. f4 g6 6. Nf3 Bf5 7. Ne5 c4 8. Bxf5
gxf5 9. b3 cxb3 10. Qxb3 Rb8 11. c4 Nxe5 12. dxe5 dxc4 13. Qxc4 Rc8 14. Qb5+
Qd7 15. Qb2 Ne4 16. O-O Rg8 17. Qb3 Qc6 18. Rd1 Rxg2+ 19. Kxg2 Nd2+ 20. Kg1
Nxb3 21. axb3 Qf3 22. Nc3 Rxc3 23. Rd2 Rc2 0-1

[Event "XXVIII C.to Italiano a squadre"]
[Site "ITA"]
[Date "1996.??.??"]
[Round "?"]
[White "Bocchicchio, Gaetano"]
[Black "Trincardi, Tullio"]
[WhiteElo "2225"]
[BlackElo "2235"]
[Result "1/2-1/2"]
[PlyCount "87"]
[EventDate "1996.02.25"]

1. d4 Nf6 2. Nc3 d5 3. Bg5 Bf5 4. Nf3 Nbd7 5. e3 e6 6. Bd3 Bg6 7. Ne5 Be7 8. f4
a6 9. O-O c5 10. f5 exf5 11. Bxf5 Bxf5 12. Rxf5 O-O 13. Nxd7 Qxd7 14. Bxf6 Bxf6
15. Qf3 cxd4 16. Rxd5 Qe6 17. exd4 Rfe8 18. Rd1 Rac8 19. Rf5 Rc4 20. Rf4 Rd8
21. d5 Qb6+ 22. Qf2 Qxf2+ 23. Rxf2 Bd4 24. Kf1 Bxf2 25. Kxf2 b5 26. a3 a5 27.
Rd2 b4 28. axb4 axb4 29. Nd1 f5 30. Ne3 Re4 31. Kf3 g6 32. g3 Kf7 33. c4 bxc3
34. bxc3 Kf6 35. c4 Ke5 36. c5 Rxe3+ 37. Kxe3 Rxd5 38. Rxd5+ Kxd5 39. Kf4 Kxc5
40. Kg5 Kd4 41. Kh6 Ke3 42. h4 Kf3 43. Kxh7 Kxg3 44. Kxg6 1/2-1/2

[Event "XXVIII C.to Italiano a squadre"]
[Site "ITA"]
[Date "1996.??.??"]
[Round "?"]
[White "Bonucci, Riccardo"]
[Black "Sanchirico, Alessio"]
[WhiteElo "1830"]
[BlackElo "2040"]
[Result "1-0"]
[PlyCount "93"]
[EventDate "1996.02.25"]

1. f4 Nf6 2. Nf3 d5 3. e3 Bf5 4. Be2 e6 5. c4 c6 6. b3 Nbd7 7. Bb2 Qb6 8. Nc3
Bd6 9. Nh4 Bg6 10. cxd5 cxd5 11. Rc1 O-O 12. Nxg6 hxg6 13. O-O Rac8 14. Na4 Qa5
15. Bf3 b5 16. Nc3 Nc5 17. d4 Ncd7 18. Be2 a6 19. a4 b4 20. Nb1 Rc7 21. Nd2
Rfc8 22. Rxc7 Rxc7 23. Bd3 Qb6 24. g4 Rc8 25. Qf3 Qb7 26. Qh3 Ne4 27. Qg2 f5
28. g5 Qb6 29. Qe2 Nc3 30. Qg2 Ne4 31. Nf3 e5 32. fxe5 Nxe5 33. Bxe4 dxe4 34.
Nxe5 Bxe5 35. dxe5 Qxe3+ 36. Qf2 Qxb3 37. Bd4 Rc2 38. Qe3 Qxe3+ 39. Bxe3 Ra2
40. e6 b3 41. Rb1 b2 42. Bd4 Rxa4 43. Rxb2 Rxd4 44. Rb8+ Kh7 45. e7 Rd1+ 46.
Kf2 e3+ 47. Ke2 1-0

[Event "XXVIII C.to Italiano a squadre"]
[Site "ITA"]
[Date "1996.??.??"]
[Round "?"]
[White "Brancaleoni, Maurizio"]
[Black "Stornelli, Aldo"]
[WhiteElo "2170"]
[BlackElo "1740"]
[Result "1/2-1/2"]
[PlyCount "96"]
[EventDate "1996.02.25"]

1. Nf3 d5 2. d4 e6 3. g3 Nf6 4. Bg2 c6 5. O-O Nbd7 6. b3 Be7 7. c4 O-O 8. Qc2
Ne4 9. Nfd2 f5 10. e3 Qe8 11. a4 Qh5 12. Ba3 Bxa3 13. Nxa3 Ndf6 14. f3 Ng5 15.
b4 Bd7 16. b5 Rac8 17. bxc6 Bxc6 18. Qb3 a6 19. c5 Qe8 20. Nc2 Kh8 21. Nb4 Bd7
22. Nd3 Rc7 23. Rfb1 Bc8 24. Qd1 Nd7 25. Qe2 Qh5 26. Re1 Nf7 27. Rab1 g5 28. e4
fxe4 29. fxe4 Qxe2 30. Rxe2 Nf6 31. e5 Nd7 32. Rf2 Nd8 33. Rxf8+ Nxf8 34. Nf3
h6 35. Nf2 Kg7 36. h3 Bd7 37. a5 Bb5 38. Bf1 Bxf1 39. Kxf1 Nc6 40. Ra1 Rf7 41.
Ke2 Kg6 42. Nd3 h5 43. Ra4 g4 44. hxg4 hxg4 45. Nh2 Kg5 46. Nf2 Kf5 47. Nhxg4
Rg7 48. Ne3+ Kg5 1/2-1/2

[Event "XXVIII C.to Italiano a squadre"]
[Site "ITA"]
[Date "1996.??.??"]
[Round "?"]
[White "Bresciani, Brunetto"]
[Black "Tamai, Roberto"]
[WhiteElo "1600"]
[BlackElo "2305"]
[Result "1-0"]
[PlyCount "79"]
[EventDate "1996.02.25"]

1. e4 c6 2. d4 d5 3. Nd2 dxe4 4. Nxe4 Nf6 5. Nxf6+ gxf6 6. c3 Bf5 7. Nf3 e6 8.
g3 Qb6 9. Qe2 Bd6 10. Bg2 Nd7 11. O-O Bg4 12. Be3 Qa5 13. Qc2 Qh5 14. Nh4 Rg8
15. f3 Bh3 16. Bxh3 Qxh4 17. Bg2 Qh5 18. f4 f5 19. Bf3 Qg6 20. c4 h5 21. Kh1
Rc8 22. Qe2 Nf6 23. d5 Ne4 24. dxe6 Qxe6 25. Bxa7 c5 26. Bb6 Be7 27. Ba5 Bf6
28. Rae1 Kf8 29. Bc3 Bxc3 30. bxc3 Re8 31. Bxe4 Qxe4+ 32. Qxe4 Rxe4 33. Rxe4
fxe4 34. Rb1 Kg7 35. Rxb7 Kf6 36. Rc7 h4 37. Kg2 h3+ 38. Kxh3 e3 39. Kg2 Kf5
40. Kf3 1-0

[Event "XXVIII C.to Italiano a squadre"]
[Site "ITA"]
[Date "1996.??.??"]
[Round "?"]
[White "Bruno, Fabio"]
[Black "Stornelli, Vincenzo"]
[WhiteElo "2260"]
[BlackElo "2175"]
[Result "1/2-1/2"]
[PlyCount "86"]
[EventDate "1996.02.25"]

1. c4 e6 2. Nc3 d5 3. b3 Nf6 4. g3 c5 5. Bg2 Nc6 6. d3 d4 7. Nb5 a6 8. Na3 Qa5+
9. Qd2 Qxd2+ 10. Bxd2 Bd7 11. Nh3 Be7 12. e3 dxe3 13. fxe3 O-O 14. Nf2 e5 15.
Bc3 Bd6 16. Nc2 Rfe8 17. Kd2 Rad8 18. Bxc6 Bxc6 19. e4 Bf8 20. Ke2 Nd7 21. Rhf1
g6 22. Ng4 b6 23. Nce3 Kg7 24. Nh6 f6 25. Neg4 Be7 26. Rf2 Rf8 27. h4 a5 28. h5
a4 29. hxg6 hxg6 30. Rh1 axb3 31. axb3 Ra8 32. Rfh2 Rh8 33. Ne3 Kf8 34. Kf3 Ra3
35. Rb1 f5 36. Ke2 Bg5 37. Nhg4 Rxh2+ 38. Nxh2 Ra2+ 39. Rb2 Rxb2+ 40. Bxb2 fxe4
41. dxe4 Bxe4 42. Nhg4 Bxe3 43. Kxe3 Bc2 1/2-1/2

[Event "XXVIII C.to Italiano a squadre"]
[Site "ITA"]
[Date "1996.??.??"]
[Round "?"]
[White "Caloni, Ugo"]
[Black "Cordara, Michele"]
[WhiteElo "2195"]
[BlackElo "2200"]
[Result "1-0"]
[PlyCount "63"]
[EventDate "1996.02.25"]

1. d4 Nf6 2. c4 e5 3. dxe5 Ng4 4. Nf3 Bc5 5. e3 Nc6 6. a3 a5 7. Qd5 Qe7 8. Be2
Ncxe5 9. h3 Nxf3+ 10. Qxf3 Ne5 11. Qg3 Ra6 12. Qxg7 Rf8 13. Qxh7 Rg6 14. Nc3
Rfg8 15. Nd5 Qd6 16. Nf4 R8g7 17. Qh8+ Rg8 18. Qh5 Rg5 19. Qh7 b5 20. h4 R5g7
21. Qe4 bxc4 22. Bd2 f5 23. Qxf5 Bb7 24. O-O-O Qe7 25. Bc3 Bd6 26. Nd5 Qf7 27.
Bh5 Ng6 28. Qxf7+ Kxf7 29. Bxg7 Kxg7 30. Bxg6 Kxg6 31. g3 Rf8 32. Rd2 1-0

[Event "XXVIII C.to Italiano a squadre"]
[Site "ITA"]
[Date "1996.??.??"]
[Round "?"]
[White "Cangiotti, Claudio"]
[Black "Rolfo, Alessandro"]
[WhiteElo "2220"]
[BlackElo "1900"]
[Result "1/2-1/2"]
[PlyCount "103"]
[EventDate "1996.02.25"]

1. Nf3 Nf6 2. g3 d5 3. Bg2 c5 4. O-O Nc6 5. d3 g6 6. Nbd2 Bg7 7. c3 O-O 8. Re1
e5 9. e4 Re8 10. Qb3 Na5 11. Qc2 d4 12. c4 Nc6 13. a3 a5 14. b3 Bh6 15. h3 Nh5
16. Nf1 Bxc1 17. Qxc1 f6 18. Nh4 Bd7 19. Kh2 Qb6 20. Rb1 Nd8 21. Bf3 Ng7 22.
Bg4 Bxg4 23. hxg4 Nf7 24. Qd2 Qe6 25. Qe2 Nh6 26. f3 Qd6 27. Qd2 Nf7 28. Re2
Ne6 29. Qe1 Qf8 30. Kg2 Qh6 31. Reb2 Ra7 32. Kg1 Qg5 33. Qc1 Rea8 34. Qxg5 fxg5
35. Ng2 Nd6 36. Ne1 b5 37. Nd2 b4 38. a4 h5 39. gxh5 gxh5 40. Nf1 Rh7 41. Rh2
Raa7 42. Rbb2 Rag7 43. Rbg2 Nc8 44. Kf2 Ne7 45. Rg1 Ng6 46. Rgh1 h4 47. Ke2
hxg3 48. Rxh7 Rxh7 49. Rxh7 Nef4+ 50. Kd2 Kxh7 51. Nxg3 Nh4 52. Nh1 1/2-1/2

[Event "XXVIII C.to Italiano a squadre"]
[Site "ITA"]
[Date "1996.??.??"]
[Round "?"]
[White "Caposciutti, Maurizio"]
[Black "Gaggiottini, Manfredo"]
[WhiteElo "2310"]
[BlackElo "2105"]
[Result "1-0"]
[PlyCount "80"]
[EventDate "1996.02.25"]

1. e4 g6 2. d4 Bg7 3. Nc3 c6 4. Bc4 b5 5. Bb3 Na6 6. Qf3 e6 7. e5 Ne7 8. Bg5 h6
9. Bf6 Bxf6 10. Qxf6 Rf8 11. Ne4 Nf5 12. g4 d5 13. exd6 Nxd6 14. Qxd8+ Kxd8 15.
Nxd6 Bd7 16. Ne2 f5 17. gxf5 gxf5 18. a4 Nc7 19. Nb7+ Ke7 20. Nc5 Rg8 21. Nxd7
Kxd7 22. Rg1 a6 23. Kd2 Rg5 24. axb5 cxb5 25. Nf4 Rag8 26. Rge1 Re8 27. h3 Kd6
28. Re5 Rg7 29. Nxe6 Rg2 30. Nxc7 Rxe5 31. dxe5+ Kxe5 32. Ke2 Rh2 33. Rxa6 Rxh3
34. Nxb5 h5 35. Nd6 h4 36. Nxf5 Rh1 37. Nxh4 Kd4 38. Ra4+ Ke5 39. Nf3+ Kf6 40.
Bc4 Rb1 1-0

[Event "XXVIII C.to Italiano a squadre"]
[Site "ITA"]
[Date "1996.??.??"]
[Round "?"]
[White "Cappello, Guido"]
[Black "Barletta, Mauro"]
[WhiteElo "2195"]
[BlackElo "2245"]
[Result "1-0"]
[PlyCount "85"]
[EventDate "1996.02.25"]

1. e4 c5 2. Nf3 d6 3. d4 cxd4 4. Qxd4 a6 5. Bg5 Nc6 6. Qd2 g6 7. Nc3 Bg7 8. Nd5
Be6 9. Be2 Rc8 10. O-O Bxd5 11. exd5 Na5 12. Qb4 Nf6 13. c4 O-O 14. Rfd1 Nd7
15. Rac1 Re8 16. Qd2 b6 17. b4 Nb7 18. Nd4 Qc7 19. Bg4 Ra8 20. f4 Nf6 21. Bf3
Rac8 22. f5 Nd8 23. h4 Nd7 24. fxg6 hxg6 25. Bg4 Ra8 26. h5 Ne5 27. Be2 e6 28.
hxg6 Nxg6 29. Bh5 Rc8 30. Nxe6 Nxe6 31. dxe6 Rxe6 32. Bg4 Rce8 33. Bxe6 Rxe6
34. c5 bxc5 35. bxc5 dxc5 36. Qd8+ Qxd8 37. Rxd8+ Kh7 38. Rxc5 Ne5 39. Bf4 Nc6
40. Rh5+ Kg6 41. Rg5+ Kh7 42. Rd3 Nd4 43. Rxg7+ 1-0

[Event "XXVIII C.to Italiano a squadre"]
[Site "ITA"]
[Date "1996.??.??"]
[Round "?"]
[White "Cappello, Guido"]
[Black "Di Paolo, Marco"]
[WhiteElo "2195"]
[BlackElo "1833"]
[Result "1/2-1/2"]
[PlyCount "109"]
[EventDate "1996.02.25"]

1. e4 c5 2. Nf3 d6 3. d4 cxd4 4. Qxd4 Nc6 5. Bb5 Bd7 6. Bxc6 Bxc6 7. O-O Nf6 8.
Nc3 e6 9. Bg5 Be7 10. Rad1 O-O 11. Rd3 Qc7 12. e5 dxe5 13. Qxe5 Rac8 14. Qxc7
Rxc7 15. Ne5 Be8 16. Rfd1 h6 17. Be3 b5 18. a3 b4 19. axb4 Bxb4 20. Ra1 Bxc3
21. Rxc3 Rxc3 22. bxc3 Nd5 23. Bc5 f6 24. Bxf8 Kxf8 25. Nd3 Bb5 26. Rxa7 Bxd3
27. cxd3 Nxc3 28. Kf1 Nd5 29. g3 f5 30. Ke2 Ne7 31. Ke3 Kf7 32. f4 Kf6 33. Kf3
h5 34. h4 Nd5 35. Rb7 Kg6 36. d4 Kf6 37. Rb3 Kg6 38. Ke2 Kf7 39. Kd3 Nf6 40.
Kc4 Ne4 41. Ra3 Ke7 42. d5 Nd6+ 43. Kc5 Ne4+ 44. Kc6 exd5 45. Kxd5 Kf6 46. Rb3
g6 47. Ra3 Nd2 48. Kd4 Ke6 49. Re3+ Kf7 50. Kd5 Kf6 51. Re6+ Kf7 52. Ra6 Ne4
53. Ra3 Nf2 54. Kd6 Kf6 55. Re3 1/2-1/2

[Event "XXVIII C.to Italiano a squadre"]
[Site "ITA"]
[Date "1996.??.??"]
[Round "?"]
[White "Castelluzzo, Salvatore"]
[Black "La Spina, Marcello"]
[WhiteElo "1800"]
[BlackElo "1864"]
[Result "1/2-1/2"]
[PlyCount "100"]
[EventDate "1996.02.25"]

1. e4 c5 2. Nc3 d6 3. f4 Nf6 4. Nf3 e6 5. g3 Nc6 6. Bg2 Be7 7. O-O Qc7 8. d4
cxd4 9. Nxd4 Nxd4 10. Qxd4 d5 11. Kh1 Bc5 12. Qd1 dxe4 13. Nxe4 Nxe4 14. Bxe4
Bd7 15. Qe2 Bc6 16. Bd2 Bd4 17. c3 Bf6 18. Rfd1 O-O 19. Qg2 Bxe4 20. Qxe4 Qb6
21. Rab1 Rfd8 22. Kg2 Qa6 23. a3 Qb5 24. Qe1 Rd3 25. Be3 Rad8 26. Rxd3 Rxd3 27.
Kf2 a6 28. Qe2 Qd5 29. Rc1 b5 30. Rc2 g6 31. Rd2 Rxd2 32. Qxd2 Qxd2+ 33. Bxd2
Kf8 34. Kf3 Ke7 35. Be3 Kd6 36. Ke4 Bd8 37. Bd4 f5+ 38. Kd3 Kd5 39. b3 Be7 40.
c4+ bxc4+ 41. bxc4+ Kc6 42. a4 g5 43. h3 Bd6 44. Ke3 Bc7 45. Kf3 gxf4 46. gxf4
Bd6 47. Ke3 Ba3 48. Kf3 Be7 49. Ke3 Bh4 50. Kf3 Be1 1/2-1/2

[Event "XXVIII C.to Italiano a squadre"]
[Site "ITA"]
[Date "1996.??.??"]
[Round "?"]
[White "Ceschia, Ivano"]
[Black "Lostuzzi, Manlio"]
[WhiteElo "2315"]
[BlackElo "2325"]
[Result "1/2-1/2"]
[PlyCount "92"]
[EventDate "1996.02.25"]

1. e4 e5 2. Nc3 Nf6 3. Nf3 Bb4 4. d3 d5 5. exd5 Qxd5 6. Bd2 Bxc3 7. Bxc3 Nc6 8.
Be2 O-O 9. O-O Re8 10. Re1 Bf5 11. Nh4 Bd7 12. Bf3 Qc5 13. Bxc6 Bxc6 14. Qd2 h6
15. Re3 Re6 16. Rae1 Rae8 17. Rxe5 Rxe5 18. Rxe5 Rxe5 19. d4 Re1+ 20. Qxe1 Qg5
21. f3 Nd5 22. Bd2 Qf6 23. Qe4 Nb4 24. Qg4 Nxc2 25. Qc8+ Kh7 26. Qf5+ Qxf5 27.
Nxf5 Bd7 28. Ng3 Nxd4 29. Be3 Nb5 30. Ne4 f5 31. Nc3 Nxc3 32. bxc3 a5 33. Bf4
c6 34. Bc7 a4 35. Bb6 Be6 36. a3 Kg6 37. Kf2 Kg5 38. Bd4 g6 39. g3 h5 40. h4+
Kh6 41. Bf6 Kh7 42. Ke3 Kg8 43. Kd4 Kf7 44. Ke5 Bd5 45. f4 b5 46. Bg5 Be4
1/2-1/2